Animal Kingdom - Mammals - Statistics

General Stats
  • This quiz has been taken 15 times
  • The average score is 24 of 33
Answer Stats
Question Answer % Correct
What is the largest and the heaviest land animal? African elephant
93%
What is the biggest whale and the largest animal known to have ever existed? Blue whale
93%
What type of dolphin is the most iconic species, known for its intelligence and frequent performances in aquariums? Bottlenose dolphin
93%
What is the world's largest living rodent? Capybara
93%
What is the largest living marsupial in the world? Red kangaroo
93%
What is not a feature of mammals? They are cold-blooded
93%
What primates are often considered the smartest due to their extreme genetic similarity to humans (98.8% shared DNA)? Chimpanzees
86%
Where does giant panda live? China
86%
What is the only wild cat species that lives in a permanent social group known as a pride? Lion
86%
In the wild, lemurs are found almost exclusively on what island? Madagascar
86%
What animals are famous for fighting snakes? Mongooses
86%
What type of bear is generally considered the largest living bear species on Earth? Polar bear
86%
Which of the three marine mammals collectively known as pinnipeds have long ivory tusks? Walruses
86%
What wild pig species is known for their upward-curving tusks and they are found primarily in African savannas? Warthog
86%
Which of the following is a capuchin monkey?
79%
What is the only mammal to have a hard, protective shell? Armadillo
79%
What breed of dogs were introduced into Australia from Asia by humans about 4,000 years ago? Dingoes
79%
Which of the monkeys does not come from Central and South America (New World)? Mandrill
79%
What primates are found exclusively on two Southeast Asian islands: Borneo and Sumatra? Orangutans
79%
Which of the following is a yak?
71%
What animal is easily recognized by its black front and back with a large white "saddle" across the midsection? Malayan tapir
71%
What animals from the order of Lagomorpha are the smallest? Pikas
71%
What animal does not belong to a diverse group of antelopes? Zebra
71%
Which of the following is a caracal?
64%
What is the biggest cat in Americas? Jaguar
64%
What is the largest living deer in the world? Moose
64%
What animal is the hybrid offspring of a male donkey (a jack) and a female horse (a mare)? Mule
57%
Which of the monkeys does not come from Africa and Asia (Old World)? Muriqui
57%
Which of the following is a coyote?
43%
Which of the following is a Thomson's gazelle?
43%
What is the national animal of Peru, that produce the world’s most expensive and rarest fiber? Vicuña
43%
What type of domestic pig is an old British breed that is black with white "socks" and facial spots, known for premium-quality pork? Berkshire
36%
There are three distinct species of camels. What is the most common species making up approximately 94% of the world's camel population? Dromedary
29%
No matching quizzes found
Score Distribution
Percent of People with Each Score
Percentile by Number Answered
Your Score History
You have not taken this quiz